[Event "GBR-ch111 Major Open"]
[Site "Liverpool"]
[Date "2025.08.04"]
[Round "3.13"]
[White "Bhatia, Kanishka"]
[Black "Sharma, Josh"]
[Result "1-0"]
[WhiteElo "2067"]
[BlackElo "1925"]
[PlyCount "63"]
[EventDate "2025.08.02"]
[EventType "swiss"]
[EventRounds "9"]
[EventCountry "GBR"]
[SourceTitle "BritBase"]
[Source "John Saunders"]
[SourceDate "2025.08.11"]
[SourceVersion "1"]
[SourceVersionDate "2025.08.11"]
[SourceQuality "1"]

1. d4 Nf6 2. Nf3 g6 3. Nbd2 d5 4. e3 Bg7 5. Bd3 O-O 6. O-O c5 7. b3 Nc6 8. Bb2 Bg4 9. h3 Bxf3 10. Nxf3 cxd4 11. exd4 e6 12. a3 Rc8 13. Re1 Qc7 14. Qd2 Rfd8 15. Qe3 Ne7 16. Ne5 Nf5 17. Qf3 Nd6 18. c4 dxc4 19. bxc4 Nd7 20. Nxd7 Qxd7 21. Rac1 Qa4 22. c5 Nf5 23. Rc4 Qa5 24. Rb1 Nxd4 25. Bxd4 Bxd4 26. Rxb7 Qe1+ 27. Bf1 f5 28. Rxa7 Qe4 29. Qg3 e5 30. Qg5 Qe1 31. Rxd4 exd4 32. Qf6 1-0

[Event "GBR-ch111 Major Open"]
[Site "Liverpool"]
[Date "2025.08.04"]
[Round "3.14"]
[White "Davis, Colin J"]
[Black "Patel, Keatan"]
[Result "1-0"]
[WhiteElo "1955"]
[BlackElo "2041"]
[PlyCount "79"]
[EventDate "2025.08.02"]
[EventType "swiss"]
[EventRounds "9"]
[EventCountry "GBR"]
[SourceTitle "BritBase"]
[Source "John Saunders"]
[SourceDate "2025.08.11"]
[SourceVersion "1"]
[SourceVersionDate "2025.08.11"]
[SourceQuality "1"]

1. Nf3 d5 2. g3 Nf6 3. Bg2 c6 4. O-O Bg4 5. h3 Bh5 6. c4 Nbd7 7. d4 e6 8. Bf4 Bg6 9. Qb3 Qc8 10. Nc3 Nh5 11. Bd2 Bd6 12. cxd5 exd5 13. Rac1 Qb8 14. Nh4 O-O 15. Nxg6 hxg6 16. e4 dxe4 17. Nxe4 Be7 18. Rfe1 Nhf6 19. Bf4 Qc8 20. Bd6 Bxd6 21. Nxd6 Qc7 22. Nxb7 Qb6 23. Rxc6 Qxb3 24. axb3 Rfe8 25. Re3 Rxe3 26. fxe3 Re8 27. Kf2 Nb6 28. Nd6 Re7 29. e4 Nfd7 30. Nc8 Re8 31. Nxa7 Ra8 32. Rc7 Nf6 33. e5 Nfd5 34. Rb7 Rd8 35. Nb5 Rc8 36. Be4 Rc1 37. Nd6 Rd1 38. Rb8+ Kh7 39. Nxf7 Rd2+ 40. Ke1 1-0

[Event "GBR-ch111 Major Open"]
[Site "Liverpool"]
[Date "2025.08.04"]
[Round "3.15"]
[White "Shivakumar, Akshath"]
[Black "Pilley, Jack"]
[Result "1/2-1/2"]
[WhiteElo "1901"]
[BlackElo "2032"]
[PlyCount "89"]
[EventDate "2025.08.02"]
[EventType "swiss"]
[EventRounds "9"]
[EventCountry "GBR"]
[SourceTitle "BritBase"]
[Source "John Saunders"]
[SourceDate "2025.08.11"]
[SourceVersion "1"]
[SourceVersionDate "2025.08.11"]
[SourceQuality "1"]

1. d4 Nf6 2. c4 e6 3. Nc3 Bb4 4. Qc2 d5 5. cxd5 exd5 6. Bg5 c6 7. e3 h6 8. Bf4 O-O 9. Bd3 Re8 10. Nge2 Nbd7 11. O-O Nf8 12. a3 Bd6 13. b4 b6 14. Rac1 Bb7 15. Rfd1 Ne6 16. Bxd6 Qxd6 17. Ng3 Rec8 18. Nf5 Qd7 19. Qe2 a5 20. Qf3 axb4 21. axb4 Qd8 22. Qg3 Kf8 23. Ne2 Qc7 24. Nf4 Ra4 25. Nd6 Rd8 26. Nb5 Qe7 27. Nxe6+ fxe6 28. Nc3 Rxb4 29. Ne2 Qd6 30. Nf4 Kg8 31. Ra1 e5 32. dxe5 Qxe5 33. Ra7 Rd7 34. Ng6 Qxg3 35. hxg3 Ne4 36. Ne5 Rc7 37. Bxe4 Rxe4 38. Nxc6 Rxc6 39. Rxb7 Re5 40. Rb1 Ree6 41. Kf1 Kh7 42. Rb4 Rf6 43. Rb2 Rce6 44. Kg1 h5 45. Rb5 1/2-1/2

[Event "GBR-ch111 Major Open"]
[Site "Liverpool"]
[Date "2025.08.04"]
[Round "3.16"]
[White "Rughani, Mahin"]
[Black "Sanada, Tetsuaki"]
[Result "0-1"]
[WhiteElo "1906"]
[BlackElo "2021"]
[PlyCount "94"]
[EventDate "2025.08.02"]
[EventType "swiss"]
[EventRounds "9"]
[EventCountry "GBR"]
[SourceTitle "BritBase"]
[Source "John Saunders"]
[SourceDate "2025.08.11"]
[SourceVersion "1"]
[SourceVersionDate "2025.08.11"]
[SourceQuality "1"]

1. d4 Nf6 2. c4 e6 3. g3 c5 4. d5 exd5 5. cxd5 d6 6. Nc3 g6 7. Nf3 Bg7 8. Bg2 O-O 9. O-O Na6 10. Nd2 Nc7 11. a4 b6 12. Nc4 Ba6 13. Qb3 Qd7 14. Bf4 Nfe8 15. Rfe1 h6 16. h4 Qe7 17. e4 g5 18. hxg5 hxg5 19. Bd2 Bd4 20. Ne3 Ng7 21. Ng4 Bc8 22. Bf3 f6 23. Kg2 Kf7 24. Ne2 Be5 25. Rh1 Bd7 26. Rh7 Rh8 27. Rah1 Rxh7 28. Rxh7 Kg8 29. Rh6 Kf7 30. Nxe5+ dxe5 31. Bxg5 fxg5 32. d6+ Be6 33. Qe3 Qxd6 34. Qxg5 Rg8 35. Bg4 Ke8 36. Rg6 Qe7 37. Qh6 Bxg4 38. Rxg4 Kd7 39. Qh7 Qf7 40. f4 Nce6 41. f5 Nf8 42. Qh3 Ne8 43. Rh4 Nf6 44. Qh1 Qb3 45. Qc1 Qd3 46. Qe1 Nxe4 47. g4 Nf6 0-1

[Event "GBR-ch111 Major Open"]
[Site "Liverpool"]
[Date "2025.08.04"]
[Round "3.17"]
[White "Potter, John M"]
[Black "Gupta, Leonardo"]
[Result "0-1"]
[WhiteElo "2015"]
[BlackElo "1885"]
[PlyCount "116"]
[EventDate "2025.08.02"]
[EventType "swiss"]
[EventRounds "9"]
[EventCountry "GBR"]
[SourceTitle "BritBase"]
[Source "John Saunders"]
[SourceDate "2025.08.11"]
[SourceVersion "1"]
[SourceVersionDate "2025.08.11"]
[SourceQuality "1"]

1. d4 d5 2. e4 dxe4 3. Nc3 Nf6 4. Bg5 Bf5 5. f3 e3 6. Nge2 e6 7. g4 Bg6 8. h4 h6 9. Bxe3 Nc6 10. Nf4 Bh7 11. Bb5 Qd7 12. Qe2 Bb4 13. O-O-O Bxc3 14. bxc3 O-O-O 15. Nd3 Bxd3 16. Qxd3 Qd6 17. c4 Kb8 18. c5 Qd5 19. g5 hxg5 20. hxg5 Rxh1 21. Rxh1 Qxa2 22. Bxc6 bxc6 23. c4 Qa1+ 24. Qb1+ Qxb1+ 25. Kxb1 Nd7 26. Kc2 f6 27. gxf6 gxf6 28. Rh7 Kc8 29. Re7 e5 30. d5 cxd5 31. cxd5 Nb8 32. d6 cxd6 33. cxd6 Rxd6 34. Bxa7 Nc6 35. Rf7 Nxa7 36. Rxa7 Kd8 37. Kc3 Rd7 38. Ra4 Ke7 39. f4 Ke6 40. fxe5 Kxe5 41. Ra1 f5 42. Re1+ Kf6 43. Rf1 Kg5 44. Rg1+ Kh4 45. Rf1 Kg4 46. Rg1+ Kh3 47. Rf1 Rf7 48. Kd2 Kg2 49. Rf4 Kg3 50. Ra4 f4 51. Ke1 Kg2 52. Ra8 Re7+ 53. Kd2 f3 54. Rg8+ Kf2 55. Rg6 Rd7+ 56. Kc2 Kf1 57. Rg8 f2 58. Rg6 Rd5 0-1

[Event "GBR-ch111 Major Open"]
[Site "Liverpool"]
[Date "2025.08.04"]
[Round "3.18"]
[White "Mortazavi, Sami"]
[Black "Green, Michael"]
[Result "0-1"]
[WhiteElo "1805"]
[BlackElo "2009"]
[PlyCount "94"]
[EventDate "2025.08.02"]
[EventType "swiss"]
[EventRounds "9"]
[EventCountry "GBR"]
[SourceTitle "BritBase"]
[Source "John Saunders"]
[SourceDate "2025.08.11"]
[SourceVersion "1"]
[SourceVersionDate "2025.08.11"]
[SourceQuality "1"]

1. e4 g6 2. d4 Bg7 3. Nc3 c6 4. h3 d5 5. e5 h5 6. Nf3 Bf5 7. Bd3 Bxd3 8. Qxd3 e6 9. Bf4 Nd7 10. Ne2 Ne7 11. Qd2 c5 12. c3 Qb6 13. O-O cxd4 14. cxd4 Rc8 15. Rac1 Rxc1 16. Rxc1 Nc6 17. Rc3 Bf8 18. a3 Qa6 19. Bg5 Be7 20. Nf4 Qa4 21. Bxe7 Kxe7 22. Ne2 Kf8 23. Kh2 Kg7 24. Qf4 Qd1 25. Ng3 h4 26. Nh1 Qb1 27. Nxh4 Qxb2 28. Rf3 Rf8 29. Rd3 Qe2 30. Re3 Qd1 31. Nf3 Qc2 32. Ng5 Qf5 33. Rf3 Qxf4+ 34. Rxf4 b5 35. Ng3 Nb6 36. Ne2 Nc4 37. Rf3 a5 38. Rb3 Rb8 39. Nf3 b4 40. axb4 Rxb4 41. Rd3 a4 42. Nd2 Nxd2 43. Rxd2 a3 44. Rd3 Ra4 45. Rd1 a2 46. Ra1 Nb4 47. Nc3 Ra3 0-1

[Event "GBR-ch111 Major Open"]
[Site "Liverpool"]
[Date "2025.08.04"]
[Round "3.19"]
[White "Lee, Alexandre KM"]
[Black "De Silva, Sithun"]
[Result "1/2-1/2"]
[WhiteElo "2006"]
[BlackElo "1817"]
[PlyCount "81"]
[EventDate "2025.08.02"]
[EventType "swiss"]
[EventRounds "9"]
[EventCountry "GBR"]
[SourceTitle "BritBase"]
[Source "John Saunders"]
[SourceDate "2025.08.11"]
[SourceVersion "1"]
[SourceVersionDate "2025.08.11"]
[SourceQuality "1"]

1. e4 c6 2. d4 d5 3. e5 Bf5 4. h4 h5 5. Bd3 Bxd3 6. Qxd3 Qa5+ 7. Nd2 e6 8. Ngf3 Qa6 9. c4 Bb4 10. O-O Ne7 11. Rd1 c5 12. Qb1 Nbc6 13. cxd5 Nxd5 14. Ne4 cxd4 15. Bg5 O-O 16. Ng3 g6 17. Qe4 Be7 18. Bh6 Rfd8 19. Ne2 Rac8 20. a3 Kh7 21. Bd2 Qb6 22. b4 Kg7 23. Rab1 a6 24. Be1 Rd7 25. g3 Rcd8 26. Nfxd4 Nxd4 27. Qxd4 Qxd4 28. Rxd4 Nb6 29. Rxd7 Rxd7 30. f4 Nc4 31. Rb3 Rd1 32. Kf2 Bd8 33. Ng1 Bb6+ 34. Ke2 Ra1 35. Nf3 Rxa3 36. Rxa3 Nxa3 37. Kd3 Kf8 38. Nd2 Ke7 39. Ne4 Nb5 40. Bd2 Ba7 41. Be3 1/2-1/2

[Event "GBR-ch111 Major Open"]
[Site "Liverpool"]
[Date "2025.08.04"]
[Round "3.20"]
[White "Vashisht-Pigem, Raman"]
[Black "Jayar, Om Reddy"]
[Result "1-0"]
[WhiteElo "1981"]
[BlackElo "1686"]
[PlyCount "39"]
[EventDate "2025.08.02"]
[EventType "swiss"]
[EventRounds "9"]
[EventCountry "GBR"]
[SourceTitle "BritBase"]
[Source "John Saunders"]
[SourceDate "2025.08.11"]
[SourceVersion "1"]
[SourceVersionDate "2025.08.11"]
[SourceQuality "1"]

1. e4 c5 2. Nf3 Nc6 3. Bb5 e5 4. O-O Bd6 5. d4 cxd4 6. c3 a6 7. Bc4 Nf6 8. cxd4 exd4 9. e5 Bxe5 10. Nxe5 Nxe5 11. Re1 O-O 12. Rxe5 Qc7 13. Qxd4 d5 14. Na3 dxc4 15. Bf4 Rd8 16. Qxc4 Qxc4 17. Nxc4 Bg4 18. f3 Bh5 19. Nb6 Nd7 20. Nxd7 1-0

[Event "GBR-ch111 Major Open"]
[Site "Liverpool"]
[Date "2025.08.04"]
[Round "3.21"]
[White "Islam, Mohammed"]
[Black "Schell, Finn"]
[Result "0-1"]
[WhiteElo "1803"]
[BlackElo "1956"]
[PlyCount "76"]
[EventDate "2025.08.02"]
[EventType "swiss"]
[EventRounds "9"]
[EventCountry "GBR"]
[SourceTitle "BritBase"]
[Source "John Saunders"]
[SourceDate "2025.08.11"]
[SourceVersion "1"]
[SourceVersionDate "2025.08.11"]
[SourceQuality "1"]

1. c4 e6 2. d4 d5 3. Nf3 Nf6 4. Nbd2 b6 5. e3 Bd6 6. Bd3 Bb7 7. O-O O-O 8. b3 Ne4 9. Bb2 Nd7 10. Rc1 f5 11. Ne5 Bxe5 12. dxe5 Nxd2 13. Qxd2 Nc5 14. Bb1 dxc4 15. Qxd8 Rfxd8 16. bxc4 Nd3 17. Bxd3 Rxd3 18. c5 c6 19. Bd4 b5 20. Rfd1 Rxd1+ 21. Rxd1 Rd8 22. f4 Kf7 23. Kf2 h6 24. h4 a5 25. a3 Ba6 26. Rd2 b4 27. axb4 axb4 28. Rb2 Rb8 29. Ra2 Bc4 30. Ra7+ Kf8 31. Ke1 b3 32. Bb2 Rb5 33. Ra8+ Kf7 34. Ra7+ Kg6 35. Ra4 Bd5 36. g3 Rxc5 37. Rb4 Rc2 38. Bd4 c5 0-1

[Event "GBR-ch111 Major Open"]
[Site "Liverpool"]
[Date "2025.08.04"]
[Round "3.22"]
[White "Xian, Junhao"]
[Black "Sieczkowski, Adam"]
[Result "0-1"]
[WhiteElo "2159"]
[BlackElo "1806"]
[PlyCount "56"]
[EventDate "2025.08.02"]
[EventType "swiss"]
[EventRounds "9"]
[EventCountry "GBR"]
[SourceTitle "BritBase"]
[Source "John Saunders"]
[SourceDate "2025.08.11"]
[SourceVersion "1"]
[SourceVersionDate "2025.08.11"]
[SourceQuality "1"]

1. d4 Nf6 2. c4 g6 3. Nc3 d5 4. cxd5 Nxd5 5. e4 Nxc3 6. bxc3 Bg7 7. Be3 O-O 8. Qd2 c5 9. Rc1 Qa5 10. Nf3 cxd4 11. cxd4 Qxd2+ 12. Nxd2 e6 13. Nf3 b6 14. h4 Bb7 15. e5 Nc6 16. h5 Rfc8 17. hxg6 hxg6 18. Rb1 Ne7 19. Bd3 Bd5 20. Kd2 Bxa2 21. Ra1 Bc4 22. Be4 Bd5 23. Bd3 Rc7 24. Bg5 Nf5 25. Rh3 Bxf3 26. Bxf5 Bxg2 27. Bg4 Bxh3 28. Bxh3 Rd7 0-1

[Event "GBR-ch111 Major Open"]
[Site "Liverpool"]
[Date "2025.08.04"]
[Round "3.23"]
[White "Varnam, Liam D"]
[Black "Cowan, Xavier"]
[Result "1-0"]
[WhiteElo "2105"]
[BlackElo "1854"]
[PlyCount "69"]
[EventDate "2025.08.02"]
[EventType "swiss"]
[EventRounds "9"]
[EventCountry "GBR"]
[SourceTitle "BritBase"]
[Source "John Saunders"]
[SourceDate "2025.08.11"]
[SourceVersion "1"]
[SourceVersionDate "2025.08.11"]
[SourceQuality "1"]

1. e4 c5 2. Nf3 d6 3. d4 cxd4 4. Nxd4 Nf6 5. Nc3 a6 6. h3 e6 7. g4 h6 8. Bg2 Nbd7 9. h4 g6 10. g5 hxg5 11. Bxg5 Be7 12. Qd2 Nb6 13. O-O-O e5 14. Nb3 Bg4 15. f3 Be6 16. Bh3 Nc4 17. Qe2 Bxh3 18. Rxh3 Qc8 19. Rdh1 b5 20. Qg2 a5 21. Bxf6 Bxf6 22. Nxb5 Qb7 23. a4 d5 24. Nd2 O-O-O 25. Nxc4 dxc4 26. Qe2 Kb8 27. Qxc4 Qd7 28. Nc3 Qd2+ 29. Kb1 Rd7 30. Rd1 Qxd1+ 31. Nxd1 Rxd1+ 32. Ka2 Rd4 33. Qb5+ Kc7 34. f4 Rxe4 35. Rc3+ 1-0

[Event "GBR-ch111 Major Open"]
[Site "Liverpool"]
[Date "2025.08.04"]
[Round "3.24"]
[White "Arnott, Jonathan W"]
[Black "Ruane, Brendan J"]
[Result "1-0"]
[WhiteElo "2079"]
[BlackElo "1848"]
[PlyCount "69"]
[EventDate "2025.08.02"]
[EventType "swiss"]
[EventRounds "9"]
[EventCountry "GBR"]
[SourceTitle "BritBase"]
[Source "John Saunders"]
[SourceDate "2025.08.11"]
[SourceVersion "1"]
[SourceVersionDate "2025.08.11"]
[SourceQuality "1"]

1. e4 e5 2. Nc3 Nc6 3. Bc4 Nf6 4. d3 Bb4 5. Bg5 h6 6. Bh4 a6 7. a3 Be7 8. Bg3 d6 9. Nge2 Be6 10. Nd5 Qd7 11. b4 b5 12. Bb3 Bxd5 13. exd5 Na7 14. O-O Nh5 15. a4 O-O 16. c4 Nxg3 17. Nxg3 Rfb8 18. cxb5 axb5 19. a5 Bg5 20. Ne4 Bd8 21. f4 f5 22. Ng3 Bf6 23. Nh5 Qf7 24. Rc1 exf4 25. Nxf6+ Qxf6 26. Rxc7 Qd4+ 27. Kh1 Rc8 28. Rd7 Rc3 29. Ba2 Rxd3 30. Qh5 Rf8 31. Bb1 Rd2 32. Bxf5 Nc8 33. Qg6 Rxf5 34. Qxf5 Rd1 35. Rd8# 1-0

[Event "GBR-ch111 Major Open"]
[Site "Liverpool"]
[Date "2025.08.04"]
[Round "3.25"]
[White "Bartlett, Joel"]
[Black "Peart, Alan"]
[Result "0-1"]
[WhiteElo "1858"]
[BlackElo "2065"]
[PlyCount "28"]
[EventDate "2025.08.02"]
[EventType "swiss"]
[EventRounds "9"]
[EventCountry "GBR"]
[SourceTitle "BritBase"]
[Source "John Saunders"]
[SourceDate "2025.08.11"]
[SourceVersion "1"]
[SourceVersionDate "2025.08.11"]
[SourceQuality "1"]

1. e4 c5 2. Nf3 d6 3. Bb5+ Bd7 4. c4 Nc6 5. Nc3 e5 6. Bxc6 bxc6 7. O-O Ne7 8. Ne1 Ng6 9. d3 Be7 10. f4 exf4 11. Bxf4 Nxf4 12. Rxf4 O-O 13. Qe2 Rb8 14. Rc1 Bg5 0-1

[Event "GBR-ch111 Major Open"]
[Site "Liverpool"]
[Date "2025.08.04"]
[Round "3.26"]
[White "Norris, Zack"]
[Black "Swiatkowski, Dominik"]
[Result "1-0"]
[WhiteElo "2036"]
[BlackElo "1843"]
[PlyCount "101"]
[EventDate "2025.08.02"]
[EventType "swiss"]
[EventRounds "9"]
[EventCountry "GBR"]
[SourceTitle "BritBase"]
[Source "John Saunders"]
[SourceDate "2025.08.11"]
[SourceVersion "1"]
[SourceVersionDate "2025.08.11"]
[SourceQuality "1"]

1. c4 e5 2. Nc3 Nf6 3. g3 d5 4. cxd5 Nxd5 5. Bg2 Nb6 6. Nf3 Nc6 7. O-O Be7 8. d3 Be6 9. Be3 O-O 10. a4 Nd5 11. Bd2 a5 12. Nxd5 Bxd5 13. Bc3 f6 14. Nd2 Bxg2 15. Kxg2 Bb4 16. Qb3+ Kh8 17. Bxb4 Nxb4 18. Rac1 c6 19. Ne4 Qd5 20. Qxd5 Nxd5 21. Nd6 Kg8 22. Nxb7 Rfb8 23. Nd6 Rxb2 24. Rxc6 Rxe2 25. Rfc1 h5 26. Nf5 Ra7 27. Rd6 Ne7 28. Rd8+ Kh7 29. Nd6 Rb2 30. Nb5 Ra6 31. Rc7 Nf5 32. Rdd7 Rb4 33. Rc4 Rb2 34. Kf3 Kg6 35. h3 Rb4 36. g4 hxg4+ 37. hxg4 Nh6 38. Nd6 Ra8 39. Rcc7 Rg8 40. Rc4 Ra8 41. Kg3 f5 42. f3 Kf6 43. Rc6 Ke6 44. Rxg7 Kd5 45. Rgc7 fxg4 46. Ne4 Nf5+ 47. Kxg4 Ne3+ 48. Kg5 Rd8 49. Rc8 Rb8 50. Rxb8 Rxb8 51. Rd6# 1-0

[Event "GBR-ch111 Major Open"]
[Site "Liverpool"]
[Date "2025.08.04"]
[Round "3.27"]
[White "Gadzhiev, Farid"]
[Black "Sheikh, Anum"]
[Result "1-0"]
[WhiteElo "1978"]
[BlackElo "1842"]
[PlyCount "71"]
[EventDate "2025.08.02"]
[EventType "swiss"]
[EventRounds "9"]
[EventCountry "GBR"]
[SourceTitle "BritBase"]
[Source "John Saunders"]
[SourceDate "2025.08.11"]
[SourceVersion "1"]
[SourceVersionDate "2025.08.11"]
[SourceQuality "1"]

1. e4 c5 2. d4 cxd4 3. c3 d5 4. exd5 Qxd5 5. Nf3 Nf6 6. cxd4 e6 7. Nc3 Qd8 8. Bd3 Nc6 9. O-O Be7 10. Qe2 O-O 11. Rd1 b6 12. Bg5 Bb7 13. a3 Re8 14. Rac1 Rc8 15. Bb1 Na5 16. Ba2 Nd5 17. Bxe7 Rxe7 18. Nxd5 exd5 19. Qb5 Rec7 20. Rxc7 Rxc7 21. Re1 Bc6 22. Qe2 Nc4 23. Bxc4 dxc4 24. Qxc4 h6 25. Rc1 Bxf3 26. Qxc7 Qg5 27. g3 Qh5 28. Qf4 Kh7 29. Rc3 Bb7 30. f3 Qg6 31. g4 Qb1+ 32. Qc1 Qa2 33. Kf2 Qd5 34. Qe3 Qd6 35. Kg2 Qg6 36. Qd3 1-0

[Event "GBR-ch111 Major Open"]
[Site "Liverpool"]
[Date "2025.08.04"]
[Round "3.28"]
[White "Pick, Freddie"]
[Black "Richmond, Frank"]
[Result "0-1"]
[WhiteElo "1978"]
[BlackElo "1836"]
[PlyCount "76"]
[EventDate "2025.08.02"]
[EventType "swiss"]
[EventRounds "9"]
[EventCountry "GBR"]
[SourceTitle "BritBase"]
[Source "John Saunders"]
[SourceDate "2025.08.11"]
[SourceVersion "1"]
[SourceVersionDate "2025.08.11"]
[SourceQuality "1"]

1. e4 e6 2. d4 d5 3. Nd2 c5 4. Ngf3 Nc6 5. exd5 exd5 6. Bb5 Bd6 7. dxc5 Bxc5 8. O-O Nge7 9. h3 O-O 10. c3 Bf5 11. Nb3 Bd6 12. Nbd4 Be4 13. Bd3 Nxd4 14. Bxe4 dxe4 15. Nxd4 Be5 16. Be3 Nd5 17. Nf5 Nxe3 18. Nxe3 Qxd1 19. Raxd1 Rad8 20. Rfe1 g6 21. g4 Bd6 22. Nc4 Bc5 23. b4 Be7 24. Ne3 Bg5 25. Nd5 f5 26. c4 Kf7 27. Re2 Rc8 28. Rc2 Ke6 29. Kf1 Rfd8 30. Ke2 b5 31. Ne3 Rxd1 32. Nxd1 Rxc4 33. Rb2 Bc1 34. Rb1 Ba3 35. Ne3 Rxb4 36. Rxb4 Bxb4 37. Nc2 Bc5 38. f3 e3 0-1

[Event "GBR-ch111 Major Open"]
[Site "Liverpool"]
[Date "2025.08.04"]
[Round "3.29"]
[White "Kendall, Arthur"]
[Black "Owen, Dennis"]
[Result "1-0"]
[WhiteElo "1826"]
[BlackElo "1974"]
[PlyCount "43"]
[EventDate "2025.08.02"]
[EventType "swiss"]
[EventRounds "9"]
[EventCountry "GBR"]
[SourceTitle "BritBase"]
[Source "John Saunders"]
[SourceDate "2025.08.11"]
[SourceVersion "1"]
[SourceVersionDate "2025.08.11"]
[SourceQuality "1"]

1. d4 d5 2. Nf3 Nf6 3. e3 e6 4. Bd3 Nbd7 5. Nbd2 Bd6 6. O-O O-O 7. Qe1 e5 8. e4 dxe4 9. Nxe4 Nxe4 10. Bxe4 exd4 11. Nxd4 Nf6 12. Bf3 c6 13. Bg5 h6 14. Bh4 g5 15. Bg3 Bxg3 16. hxg3 Qc7 17. Qd2 Bd7 18. Qc3 Kg7 19. Nb5 Qd8 20. Nd6 Rb8 21. Rad1 Kg8 22. Nf5 1-0

[Event "GBR-ch111 Major Open"]
[Site "Liverpool"]
[Date "2025.08.04"]
[Round "3.30"]
[White "Rastogi, Nayan Keats"]
[Black "Walker, Elmira"]
[Result "1-0"]
[WhiteElo "1948"]
[BlackElo "1813"]
[PlyCount "125"]
[EventDate "2025.08.02"]
[EventType "swiss"]
[EventRounds "9"]
[EventCountry "GBR"]
[SourceTitle "BritBase"]
[Source "John Saunders"]
[SourceDate "2025.08.11"]
[SourceVersion "1"]
[SourceVersionDate "2025.08.11"]
[SourceQuality "1"]

1. e4 c6 2. d4 d5 3. e5 Bf5 4. Nf3 e6 5. c3 Ne7 6. Be2 c5 7. Be3 cxd4 8. Nxd4 Nbc6 9. f4 Nxd4 10. Bxd4 Nc6 11. O-O Nxd4 12. cxd4 a6 13. Nc3 Be7 14. Bf3 h6 15. Qb3 Qd7 16. Na4 Bd8 17. Nc5 Qc7 18. Nxb7 O-O 19. Nxd8 Rfxd8 20. Rfc1 Qa7 21. Rc5 Rac8 22. Rac1 Rxc5 23. Rxc5 Rb8 24. Qc3 Qb6 25. Rc8+ Rxc8 26. Qxc8+ Kh7 27. Qc3 a5 28. Be2 g6 29. a3 Bb1 30. b4 Ba2 31. Qc5 Qd8 32. g3 axb4 33. axb4 Bb3 34. Ba6 Kg7 35. Qa5 Qa8 36. Bf1 Qc6 37. Qc5 Qa4 38. Qc3 Qa2 39. Bd3 Bc4 40. Bc2 Qa7 41. Kf2 Qa6 42. Ke3 Kf8 43. Kd2 Ke7 44. Kc1 Kd7 45. Bb1 Kc7 46. Kb2 Kb6 47. Qa3 Qxa3+ 48. Kxa3 Bb5 49. Bc2 g5 50. fxg5 hxg5 51. Bd1 Be8 52. Ba4 Bb5 53. Bxb5 Kxb5 54. h4 gxh4 55. gxh4 Kc4 56. h5 Kxd4 57. h6 Kc3 58. h7 d4 59. h8=Q d3 60. Qc8+ Kd2 61. Kb2 Ke1 62. Qc1+ Ke2 63. Kc3 1-0

[Event "GBR-ch111 Major Open"]
[Site "Liverpool"]
[Date "2025.08.04"]
[Round "3.31"]
[White "Davis, Cameron"]
[Black "Ellson, Louie"]
[Result "1-0"]
[WhiteElo "1944"]
[BlackElo "1807"]
[PlyCount "67"]
[EventDate "2025.08.02"]
[EventType "swiss"]
[EventRounds "9"]
[EventCountry "GBR"]
[SourceTitle "BritBase"]
[Source "John Saunders"]
[SourceDate "2025.08.11"]
[SourceVersion "1"]
[SourceVersionDate "2025.08.11"]
[SourceQuality "1"]

1. e4 c6 2. d4 d5 3. e5 Bf5 4. h4 h5 5. Bg5 Qb6 6. Bd3 Qxd4 7. Nf3 Qg4 8. Bxf5 Qxf5 9. O-O Nd7 10. Re1 e6 11. c4 Bc5 12. cxd5 cxd5 13. Nc3 Ne7 14. Nb5 O-O 15. Nbd4 Qg4 16. Rc1 Nf5 17. Nxf5 Qxf5 18. Qa4 Nb6 19. Qb5 Bxf2+ 20. Kxf2 Rfc8 21. b3 Rc2+ 22. Rxc2 Qxc2+ 23. Qe2 Qf5 24. Rc1 Rc8 25. Rxc8+ Nxc8 26. Qb5 Nb6 27. a4 Qc2+ 28. Bd2 Qc6 29. Qxc6 bxc6 30. Be3 Nc8 31. Bc5 f6 32. exf6 gxf6 33. Nd4 Kf7 34. Nxc6 1-0

[Event "GBR-ch111 Major Open"]
[Site "Liverpool"]
[Date "2025.08.04"]
[Round "3.32"]
[White "Garnett, John S"]
[Black "Izod, Chris"]
[Result "0-1"]
[WhiteElo "1816"]
[BlackElo "1944"]
[PlyCount "84"]
[EventDate "2025.08.02"]
[EventType "swiss"]
[EventRounds "9"]
[EventCountry "GBR"]
[SourceTitle "BritBase"]
[Source "John Saunders"]
[SourceDate "2025.08.11"]
[SourceVersion "1"]
[SourceVersionDate "2025.08.11"]
[SourceQuality "1"]

1. d4 Nf6 2. Bg5 e6 3. e4 h6 4. Bxf6 Qxf6 5. Nc3 Bb4 6. Qd3 d5 7. exd5 exd5 8. O-O-O c6 9. Qe3+ Be6 10. Nce2 O-O 11. Nf4 Bd6 12. Nxe6 fxe6 13. Qb3 b6 14. Nf3 Nd7 15. Kb1 e5 16. c4 exd4 17. cxd5 c5 18. Nd2 Ne5 19. Ne4 Qe7 20. Qg3 Rad8 21. Nxd6 Qxd6 22. f4 Nd7 23. Bd3 Nf6 24. Qg6 Nxd5 25. Qh7+ Kf7 26. g4 Rh8 27. Qf5+ Qf6 28. Qe4 Rhe8 29. Qh7 Rh8 30. Qe4 Ne3 31. g5 Qe6 32. Qxe6+ Kxe6 33. Rde1 hxg5 34. fxg5 Rh3 35. b3 Rf8 36. Bf1 Rh5 37. Bc4+ Ke5 38. h4 Rf4 39. g6 Rhxh4 40. Rhg1 Rhg4 41. Rxg4 Rxg4 42. Bf7 Rg2 0-1

[Event "GBR-ch111 Major Open"]
[Site "Liverpool"]
[Date "2025.08.04"]
[Round "3.33"]
[White "Rich, Aaron"]
[Black "Nguyen, Lam Vy Le"]
[Result "1-0"]
[WhiteElo "1944"]
[BlackElo "1807"]
[PlyCount "141"]
[EventDate "2025.08.02"]
[EventType "swiss"]
[EventRounds "9"]
[EventCountry "GBR"]
[SourceTitle "BritBase"]
[Source "John Saunders"]
[SourceDate "2025.08.11"]
[SourceVersion "1"]
[SourceVersionDate "2025.08.11"]
[SourceQuality "1"]

1. e4 e5 2. Bc4 Nc6 3. Nc3 Nf6 4. d3 Na5 5. Qf3 Nxc4 6. dxc4 c6 7. h3 h6 8. Nge2 Bd6 9. g4 Nh7 10. h4 Qf6 11. Qg2 Qe6 12. b3 Nf8 13. Bb2 b6 14. O-O-O Bb7 15. Kb1 O-O-O 16. Ng3 Bc7 17. Nf5 g6 18. Ne3 Qe7 19. Ne2 Rg8 20. h5 g5 21. Nf5 Qe6 22. Rd2 Kb8 23. Rhd1 Nh7 24. f3 d5 25. cxd5 cxd5 26. Nc3 d4 27. Nb5 a6 28. Nxc7 Kxc7 29. Qh2 Kc8 30. c3 dxc3 31. Bxc3 Rxd2 32. Rxd2 Rd8 33. Rxd8+ Kxd8 34. Qxe5 Qxe5 35. Bxe5 f6 36. Bd4 b5 37. Nxh6 Ke7 38. Kc2 Ke6 39. Kd3 Nf8 40. Nf5 Bc8 41. Ke3 Bd7 42. Bc5 Nh7 43. b4 Bc8 44. Kd4 Bd7 45. Ne7 Kf7 46. Nd5 Bc8 47. Nc3 Be6 48. a4 Bc4 49. axb5 axb5 50. Nd5 Be2 51. Ke3 Bc4 52. Nc3 Ke6 53. Ne2 Ke5 54. Nd4 Bf1 55. Nf5 Ke6 56. Nd6 Ke5 57. Nc8 Bc4 58. Nb6 Bf1 59. Nd7+ Ke6 60. Nf8+ Nxf8 61. Bxf8 Kf7 62. Bc5 Bc4 63. f4 gxf4+ 64. Kxf4 Be2 65. Bd4 Bd1 66. Kf5 Bf3 67. Bxf6 Be2 68. h6 Kg8 69. g5 Bf1 70. g6 Bh3+ 71. Kg5 1-0